Taylor Swift - Devine la chanson sans indices #12 - Statistiques

Statistiques générales
  • Ce quiz a été pris 470 fois
  • Le résultat moyen est 275 sur 398
Statistiques - réponses
Réponse % Correct
a
99%
A
99%
I
99%
You
98%
you
98%
The
93%
the
93%
me
92%
me,
92%
be
89%
on
88%
And
87%
in
87%
he
86%
He
86%
to
86%
were
85%
when
85%
When
85%
your
84%
So
81%
So,
81%
it
78%
was
77%
is
76%
Is
76%
No
76%
that
74%
That
74%
You're
71%
never
70%
(never
70%
knew
69%
(knew
69%
I'm
68%
trouble
67%
Trouble,
67%
trouble,
67%
been
66%
been,
66%
been)
66%
'Cause
65%
her
64%
now
64%
Now
64%
walked
62%
shame
61%
time
61%
know
60%
ever
59%
got
59%
oh
59%
Oh,
59%
(oh)
59%
(Ooh)
59%
loved
58%
see
57%
all
56%
why
55%
down,
52%
Once
52%
places
52%
back
51%
blame
51%
he's
51%
I'd
51%
upon
51%
alone
50%
didn't
50%
I'll
50%
ago
49%
long
49%
few
48%
found
48%
gone
48%
mistakes
48%
Or
48%
there)
48%
yeah
48%
(yeah)
48%
Yeah
48%
From
46%
liked
46%
anything
45%
put
45%
realize
44%
anyone
43%
ground
43%
took
43%
cry
42%
Without
42%
cold
41%
hard
41%
next
41%
care
40%
lyin'
40%
reason
40%
guess
39%
Flew
38%
'Til
38%
joke
36%
met
35%
step
35%
doesn't
34%
drowning
34%
fell
34%
right
32%
fear
30%
heard
30%
Comes
29%
He'll
29%
street
29%
moved
28%
apologies
27%
new
27%
Pretends
27%
saddest
27%
creepin'
26%
sights
26%
whispers
26%
hey
20%
belt
17%
notch
14%
Aucun quiz correspondant
Distribution des résultats
% des personnes avec chaque résultat
Percentile par nombre de réponses
Votre historique - résultats
Vous n’avez pas pris ce quiz